Quiz o Polsce - Statystyki

Ogólne statystyki
  • Ten quiz został rozwiązany 193 razy
  • Średni wynik to 8 z 8
Statystyki odpowiedzi
Hint Extra Hint Odpowiedź % Poprawnych
Jedyny polski papież Już umarł Jan Paweł II
98%
Waluta Na literę Z Złote
98%
Stolica Na literę W Warszawa
97%
Morze, które dotyka Polska Na literę B Bałtyckie
96%
Symbol Polski Ptak Orzeł (Bielik)
96%
Najwyższy szczyt R....y Rysy
96%
Ile sąsiadów ma Polska? Więcej niż 6 Siedem
96%
Najdłuższa rzeka Na literę W Wisła
96%
Nie znaleziono quizów pasujących do podanych kryteriów
Rozkład punktacji
Procent ludzi z każdym wynikiem
Percentyl według liczby udzielonych odpowiedzi
Twoja historia wyników
Nie rozwiązałeś tego quizu